Методика технического обучения на курсах мастеров социалистического труда. Сб. 6: Математика (Запись № 13599706)

Подробности
000 -МАРКЕР
контрольное поле 01541nam2a2200265 4500
001 - ИДЕНТИФИКАТОР ЗАПИСИ
контрольное поле rc\2940906
005 - ИДЕНТИФИКАТОР ВЕРСИИ
контрольное поле 20260315055747.0
035 ## - ДРУГИЕ СИСТЕМНЫЕ НОМЕРА
Идентификатор записи (NLR Aleph) 007089720
100 ## - ДАННЫЕ ОБЩЕЙ ОБРАБОТКИ
Данные общей обработки 20110824d1938 u y0rusy50 ca
101 0# - ЯЗЫК РЕСУРСА
Язык текста, звукозаписи и т.д. русский
102 ## - СТРАНА ПУБЛИКАЦИИ ИЛИ ПРОИЗВОДСТВА
Страна публикации российская федерация
105 ## - ПОЛЕ КОДИРОВАННЫХ ДАННЫХ: ТЕКСТОВЫЕ МАТЕРИАЛЫ, МОНОГРАФИЧЕСКИЕ
Кодированные данные о монографическом текстовом документе a z |||||
200 1# - ЗАГЛАВИЕ И СВЕДЕНИЯ ОБ ОТВЕТСТВЕННОСТИ
Основное заглавие Математика
210 ## - ПУБЛИКАЦИЯ, РАСПРОСТРАНЕНИЕ И ДР.
Дата издания, распространения и т.д. 1938
215 ## - ФИЗИЧЕСКАЯ ХАРАКТЕРИСТИКА
Специфическое обозначение материала и объем 126, [2] с.
Другие сведения о физической характеристике ил., черт., табл.
300 ## - ОБЩИЕ ПРИМЕЧАНИЯ
Текст примечания На обороте тит. л.: Сборник составлен при участии преподавателей математики автозавода им. Сталина, Харьковского тракторного, Электрокомбината им. Куйбышева, руководителя секции математики Московского института техучебы П.Я. Дорф и методиста Ф.Л. Блинчевского
461 #0 - УРОВЕНЬ НАБОРА
Встроенное поле 001rc\2940900
-- 2001#$aМетодика технического обучения на курсах мастеров социалистического труда$eСборник 1-$vСб. 6
Системный номер (АБИС) связанной записи 6561401
Место публикации Москва
Дата публикации 1937-1939
Имя издателя, распространителя и т.д. ГУУЗ НКТП
Сведения, относящиеся к заглавию Сборник 1-
Заглавие Методика технического обучения на курсах мастеров социалистического труда
Номер тома Сб. 6
702 #1 - ИМЯ ЛИЦА - ВТОРИЧНАЯ ОТВЕТСТВЕННОСТЬ
Начальный элемент ввода Дорф
Часть имени, кроме начального элемента ввода П.Я.
Код отношения Составитель
702 #1 - ИМЯ ЛИЦА - ВТОРИЧНАЯ ОТВЕТСТВЕННОСТЬ
Начальный элемент ввода Блинчевский
Часть имени, кроме начального элемента ввода Ф.Л.
Код отношения Составитель
801 #0 - ИСТОЧНИК ЗАПИСИ
Страна российская федерация
Организация NLR
Правила каталогизации psbo
801 #1 - ИСТОЧНИК ЗАПИСИ
Страна российская федерация
Организация ELAR
Источник данных rusmarc
852 ## - МЕСТОНАХОЖДЕНИЕ И ШИФР ХРАНЕНИЯ
Идентификатор организации NLR
Шифр хранения (Call Number) 37-19/189
942 ## - ДОПОЛНИТЕЛЬНЫЕ ЭЛЕМЕНТЫ ЗАПИСИ (АБИС)
Тип экземпляра АБИС Неопределено
980 ## - КОЛЛЕКЦИЯ
Название коллекции Национальная библиография

Нет доступных экземпляров.